O meu primeiro dicionário Everest (Registo nº 4389)

Detalhes MARC
000 -Etiqueta do registo
Cabeçalho 00987nam a2200313 4500
005 - Identificador da versão
Campo de controlo 20240813122059.0
010 ## - Número internacional normalizado dos livros (ISBN)
Número (ISBN) 9727505228
021 ## - Número do Depósito Legal
Código do país PT
Número 213521/04
100 ## - Dados gerais de processamento
Dados gerais de processamento 20060125d2004 c y0pory5003 ba
102 ## - Pais de publicação ou produção
País de publicação Portugal
101 1# - Língua de publicação
Língua do texto, banda sonora, etc. Português
106 ## - Campo de dados codificados: material textual
Dados codificados do material textual r
105 ## - Campo de dados codificados: livros
Dados codificados dos livros a z 000yy
215 ## - Descrição física 
Indicação específica da natureza do documento e extensão da espécie 174 p.
Outras indicações físicas muito il.
Dimensões 29 cm
200 1# - Titulo e menção de responsabilidade
Título próprio O meu primeiro dicionário Everest
Primeira menção de responsabilidade Ángeles Llamazares, José Cruz Rodriguéz
Outras menções de responsabilidade il. Rocío Martinez Pérez
-- trad. Ana Maria Guedes, Rui Guedes
205 ## - Menção da edição
Menção da edição 4ª ed
210 ## - Publicação, Distribuição, etc. 
Lugar da edição, distribuição, etc. Rio de Mouro
Nome do editor, distribuidor, etc. Everest
Data da publicação, distribuição, etc. 2004
675 ## - Classificação Decimal Universal (CDU)
Notação 087.5
Edição BN
Língua da edição por
Notação 811.134.3(038)
Edição BN
Língua da edição por
702 #1 - Nome de autor-pessoa física (responsabilidade secundária)
Número de registo de entrada de autoridade 0001201
Palavra de ordem Martínez Pérez
Outra parte do nome não tomada para palavra de ordem Rocío
Código de função Ilustrador / Técnico de desenho computorizado
Número de registo de entrada de autoridade 0000211
Palavra de ordem Guedes
Outra parte do nome não tomada para palavra de ordem Ana Maria
Datas 1954-
Código de função Tradutor
Número de registo de entrada de autoridade 0000212
Palavra de ordem Guedes
Outra parte do nome não tomada para palavra de ordem Rui
Datas 1946-2001
Código de função Tradutor
701 #1 - Nome de autor-pessoa física (co-responsabilidade principal)
Palavra de ordem Cruz Rodríguez
Outra parte do nome não tomada para palavra de ordem José
Código de função Autor / Co-autor
700 #1 - Nome de autor-pessoa física (responsabilidade principal)
Número de registo de entrada de autoridade 0001199
Palavra de ordem Llamazares Álvarez
Outra parte do nome não tomada para palavra de ordem Ángeles
942 ## - Elementos de entrada adicionados (Koha)
Tipo de item no Koha Livro
Exemplares
Situação do levantamento Origin of item (home branch) (coded) Biblioteca de empréstimo Código de barras Cota Circulation type (not for loan) Tipo de documento Nota do exemplar Damaged status
  Biblioteca Escolar das Vendas Biblioteca Escolar das Vendas BEV1059 0 DIC   Livro Sem mensagem